00972cam a2200265 a 450000100100000000500170001000800410002704000350006808200230010310000600012624500460018625000110023226000580024330000260030149000350032750000210036265000280038365000310041165000340044283000440047691000330052004900090055395201270056299900170068900001817020260513160823.0811208s1943 ag 001 f spa d aDO-SdBNPbspacMNNdEQOdBNPHU a863.5bB264z, 19431 aBaroja, Pío,d1872-1956.qPío Baroja y Nessi93938110aZalacaín el aventurero /cPío Baroja. a2a ed. aBuenos Aires, (Argentina) :bEditorial Losada,c1943. a169, [6] p. ;c18 cm.1 aBiblioteca contemporáneav41 aIncluye índice 4aNovela española91123 4aLiteratura española9632 0aHistorias de aventuras922460 0aBiblioteca contemporánea ;v41914729 aCatalogación derivada / LC aBNGR 001054708MOaGRbGRcCTd2010-04-16iLF1l0o863.5 B264z, 1943p18170-10r2020-06-25w2020-06-25y4ZPréstamo en sala c17691d17691